Almacenaje industrial (Record no. 61961)

MARC details
000 -LEADER
campo de control de longitud fija 00780nam a2200229 i 4500
001 - NÚMERO DE CONTROL
campo de control 61961
003 - IDENTIFICADOR DE NÚMERO DE CONTROL
campo de control ES-MaACL
005 - FECHA Y HORA DE LA ÚLTIMA TRANSACCIÓN
campo de control 20230906164559.0
007 - CAMPO FIJO DE DESCRIPCIÓN FÍSICA--INFORMACIÓN GENERAL
campo de control de longitud fija t|
008 - DATOS DE LONGITUD FIJA--INFORMACIÓN GENERAL
campo de control de longitud fija 031117s1979 sp ||||1| spa d
100 1# - ENTRADA PRINCIPAL--NOMBRE DE PERSONA
Nombre de persona Falconer, Peter.
9 (RLIN) 48720
245 10 - MENCIÓN DEL TÍTULO
Título Almacenaje industrial
Resto del título : proyecto y construcción para almacenaje y distribución /
Mención de responsabilidad, etc. Peter Falconer, Jolyon Drury ; [traducción Luis Mª Jiménez de Cisneros Pañella].
250 ## - MENCION DE EDICION
Mención de edición [1ª ed.].
260 ## - PUBLICACIÓN, DISTRIBUCIÓN, ETC.
Lugar de publicación, distribución, etc. Madrid :
Nombre del editor, distribuidor, etc. H. Blume,
Fecha de publicación, distribución, etc. [1979]
300 ## - DESCRIPCIÓN FÍSICA
Extensión 384 p. :
Otras características físicas il. ;
Dimensiones 30 cm.
490 1# - MENCIÓN DE SERIE
Mención de serie Manuales A. J.
700 1# - ENTRADA AGREGADA--NOMBRE PERSONAL
Nombre de persona Drury, Jolyin.
9 (RLIN) 45687
700 1# - ENTRADA AGREGADA--NOMBRE PERSONAL
Nombre de persona Cisneros Pañella, Luis Mª Jiménez de.
9 (RLIN) 38927
830 0# - PUNTO DE ACCESO ADICIONAL DE SERIE-TÍTULO UNIFORME
Título uniforme Manuales A. J.
9 (RLIN) 230622
852 ## - LOCALIZACIÓN
Ubicación ES-MaACL
Número de control de estantería A-9906
Sublocalización o colección R.99231
Holdings
Estatus retirado Estado de pérdida Estado de daño No para préstamo Biblioteca de origen Biblioteca actual Ubicación en estantería Fecha de adquisición Fuente de adquisición Total de préstamos Signatura topográfica completa Código de barras Visto por última vez Precio de reemplazo Tipo de ítem Koha
        Biblioteca del Ateneo de Madrid Biblioteca del Ateneo de Madrid Depósito 1 17/01/2008     A-9906 1064965 23/02/2023 23/02/2023 Libro impreso